000 00684nam a22002417a 4500
001 BR8108951
003 BR-BrBNA
005 20230928091216.0
007 ta
008 230509b bl.||||| |||| 00| 0 por d
040 _aBR-BrBNA
_bpor
_cBiblioteca Nacional de Agricultura
041 _a(Por)
072 _aC30
090 _ C30 BR8108951
110 1 _aBiblioteca Nacional de Agricultura, Brasilia, DF (Brasil)
_91256
245 1 _aManual de servico do setor de comutacao bibliografica
_bDOC/TEC/009/82
260 3 _aBrasilia, DF (Brasil):
_c1981.
300 _a61 p.
500 _a26 illus.
650 _aDOCUMENTACAO
909 _a202309
_bLucia
_c55
_dLucia Elande
942 _cBK
999 _c32850
_d32850